000 00437nam a2200169 a 4500
001 49293
005 20180714033931.0
008 140415s1955 sp 000 0 spa d
041 _aspa
082 _a780.973
_bFRA
100 1 _aFRANCO, ENRIQUE
245 1 3 _aLA MUSICA EN LOS ESTADOS UNIDOS
260 _aESPAÑA :
_bATENEO,
_c1955
300 _a49
490 _aO. CRECE O.MUERE
650 1 4 _aMUSICA
_xESTADOS UNIDOS
999 _c49293
_d49293